Are They Related? Quiz Stats

 Plays Quiz Updated Oct 16, 2018

Support Sporcle.
Go Orange.
Score 0/20 Timer 03:00
15 Plays Today
% Correct
Alec Baldwin & Stephen Baldwin
93.6%
Emilio Estevez & Charlie Sheen
90.9%
Donald Sutherland & Kiefer Sutherland
88.9%
Joan Cusack & John Cusack
87.6%
Joaquin Phoenix & River Phoenix
86.5%
Dennis Quaid & Randy Quaid
86.2%
Will Smith & Willow Smith
85.6%
Beau Bridges & Jeff Bridges
80.9%
Julia Roberts & Eric Roberts
77%
Paul McCartney & Stella McCartney
75.7%
% Correct
Fred Savage & Ben Savage
74.4%
Rob Lowe & Chad Lowe
71.9%
James Franco & Dave Franco
71.9%
Bob Dylan & Jakob Dylan
68.3%
Ron Howard & Bryce Dallas Howard
65%
Michael Madsen & Virginia Madsen
64.5%
Kate Hudson & Oliver Hudson
62.7%
Cuba Gooding Jr. & Omar Gooding
62.2%
Blake Lively & Eric Lively
58%
Chris Evans & Scott Evans
52.8%

From the Vault

6 to 1: North America

by mg10

It's a continental countdown.
Remove Ads.
Support Sporcle.
Get the best of Sporcle when you Go Orange. This ad-free experience offers more features, more stats, and more fun while also helping to support Sporcle. Thank you for becoming a member.

Show Comments

Extras

Top Quizzes Today


Score Distribution

Your Account Isn't Verified!

In order to create a playlist on Sporcle, you need to verify the email address you used during registration. Go to your Sporcle Settings to finish the process.

Report this User

Report this user for behavior that violates our Community Guidelines.

Details: